| 000 | 00000nam##2200000za#4500 |
| 001 | 9.633133 |
| 003 | CaOODSP |
| 005 | 20210624215158 |
| 007 | cr ||||||||||| |
| 008 | 150407|2001||||xxc|||||o f|0| 0 fre|d |
| 040 | |aCaOODSP|bfre |
| 043 | |an-cn--- |
| 086 | 1 |aE94-308/2001F-PDF |
| 110 | 1 |aCanada.|bAgence canadienne de développement international. |
| 245 | 10|aCulture, égalité entre les sexes et coopération au développement : |h[ressource électronique]|bdes questions soulevées |
| 260 | |aOttawa - Ontario : |bAgence canadienne de développement international |c2001. |
| 300 | |a16p.|bréférences, tableau, photographies |
| 500 | |aLe n° de catalogue et l’ISBN de l'édition imprimée bilingue ont été incorrectement copiés dans l’édition électronique. |
| 590 | |a06-10-Supp|b2006-12-15 |
| 691 | 07|aCulture|2gcpds |
| 691 | 07|aDéveloppement international|2gcpds |
| 691 | 07|aÉgalité des chances|2gcpds |
| 775 | 08|tQuestions about culture, gender equality and development cooperation |w(CaOODSP)9.688717 |
| 776 | 0#|tQuestions about culture, gender equality and development cooperation : |w(CaOODSP)9.662641 |
| 776 | 0#|tCulture, égalité entre les sexes et coopération au développement : |w(CaOODSP)9.662642 |
| 856 | 40|ahttp://publications.gc.ca|qPDF|s1933 Ko|uhttps://publications.gc.ca/collections/Collection/E94-308-2001F.pdf |